Revista de Gestao USP

Bibliographic Details
Format: eBook
Language:English
Published: San Pablo: Faculdade de Economia, Administracao e Contabilidade - FEA-USP, 2008 -
Subjects:
Online Access:Acceso restringido

MARC

LEADER 00000nam a22000007a 4500
005 20191022232650.0
007 cr|||| ||||
008 191022c20089999br qr|w s|||| 0|||b1eng d
022 |a 1809-2276 
035 |a 20191 
040 |a vLex 
090 |c 9940  |d 9940 
245 0 0 |a Revista de Gestao USP  |h [Recurso electrn̤ico] / 
256 |a Servicio en ln̕ea 
260 |a San Pablo:  |b Faculdade de Economia, Administracao e Contabilidade - FEA-USP,  |c 2008 - 
300 |a 1 recurso electrn̤ico 
310 |a Trimestral 
506 1 |a Disponible solo en los productos indicados  |d vLex Global  |d vLex Global (Academic Edition, excluding Law Schools)  |d vLex Global (U.S. Academic Edition, Law Schools)  |d vLex Global (U.S. Academic Edition, excluding Law Schools)  |d vLex Global (Academic Edition, Law Schools) 
650 0 4 |a Economa̕ y negocios  |z Brasil 
740 0 |a vLex Revistas (Servicio en ln̕ea) 
856 4 0 |u http://vlex.com/source/revista-de-gestao-usp-20191  |z Acceso restringido 
942 |c REV 
999 0 |a Economy and business